Statystyki dla Quiz o grze Bloons TD 6

Kliknij tutaj aby rozwiązać quiz!

Ogólne statystyki

  • Ten quiz został rozwiązany 16 razy
  • Średni wynik to 6 z 12

Statystyki odpowiedzi

HintOdpowiedź% Poprawnych
W której rundzie są camo balony?24
100%
W którym roku zostało stworzone bloons td 6?2018
100%
Czy bloons td 6 jest na telefonach?Tak
100%
W której rundzie są leady?27
83%
Ile jest małpek?27
83%
Jaki jest początkowy bohater?Quincy
83%
Jaki jest najbardziej op bohater?Sauda
50%
Jaki punkt knowledge nie działa na impoppable?mana shield
25%
Jakie są nowe mapy w aktualizacji 18.0?bazar
8%
Jaki heroes doszedł w 18.0?Admiral Brickell
0%
Jaki event był w 30.06.2020? Zbieranie czego?fajerwerek
0%
Jakie są nowe mapy w aktualizacji 18.0?Flooded Valley
0%

Rozkład punktacji

Percentyl według liczby udzielonych odpowiedzi

Procent ludzi z każdym wynikiem

Twoja historia wyników

Nie rozwiązałeś tego quizu